Statistics for Gareth Bale Quiz

Click here to take the quiz!

General Stats

  • This quiz has been taken 20 times
  • The average score is 5 of 9

Answer Stats

QuestionAnswer% Correct
When joining Real Madrid it was a part of one of the strongest strike force Who was in the strike force?Benzema, C. Ronaldo, Bale
100%
Before Gareth played for Tottenham Hotspur what club did he play before?Southampton
93%
How old is Gareth Bale?34
53%
How many Champions League has Gareth Bale won?5
53%
How old did Bale debut football?16
40%
How many trophies have Gareth Bale won?15
33%
How many Freekick goals have Gareth Bale scored?20
33%
In 2007-2008 season what club did Bale play for?Tottenham Hotspur
33%
What is Gareth Bale’s nicknameThe Cannon
13%

Score Distribution

Percentile by Number Answered

Percent of People with Each Score

Your Score History

You have not taken this quiz